|
|
|
|
| LEADER |
00000cas a2200000 a 4500 |
| 001 |
vtls001221864 |
| 003 |
SK-MaSNL |
| 005 |
20260228163507.0 |
| 008 |
180810d19031918xo r n 0 0b0hun |
| 035 |
|
|
|a SNK000167172
|
| 040 |
|
|
|a SNK
|b slo
|c SNK
|e AACR2
|
| 041 |
0 |
|
|a hun
|
| 043 |
|
|
|a e-xo---
|
| 044 |
|
|
|a xo
|c SK
|
| 072 |
|
7 |
|a 352/354
|x Stupne miestnej, oblastnej a ústrednej správy
|2 konspekt
|
| 080 |
|
|
|a 352/354
|2 2011
|
| 080 |
|
|
|a 050
|2 2011
|
| 080 |
|
|
|a (437.6)
|2 2011
|
| 080 |
|
|
|a (051)+(054)(437.6)
|2 2011
|
| 245 |
0 |
0 |
|a Barsvármegye Hivatalos Lapja
|
| 260 |
|
|
|a Zlaté Moravce
|b Bars Vármegye törvényhatósága
|c 1903-1918
|
| 300 |
|
|
|a 16 zv.
|
| 310 |
|
|
|a 1x týždenne
|
| 362 |
|
|
|a Roč. 1, č. 1 (1903)-roč. 16, č. 52 (1918)
|z Bg. Potemra/1963 č.z. 33 ; SKP
|
| 650 |
0 |
7 |
|a župy
|2 SNKPH
|9 30635
|
| 651 |
|
7 |
|a Tekov (Slovensko : región)
|2 SNKPHgeo
|9 175633
|
| 655 |
|
7 |
|a regionálne periodiká
|2 SNKPH
|9 131775
|
| 910 |
|
|
|a snk
|
| 958 |
|
|
|a ONDV
|
| 999 |
|
|
|c 9608
|d 11538
|
| 952 |
|
|
|0 0
|1 0
|4 0
|7 0
|a SNK
|b SNK
|d 1996-09-25
|l 0
|o snkČSB 2518/10/1912
|r 2005-01-01 00:00:00
|t č. 1-52
|w 2026-02-21
|y PREZ
|
| 952 |
|
|
|0 0
|1 0
|4 0
|7 0
|8 1
|a SNK
|b SNK
|d 1996-09-25
|i snkD 882/96
|l 0
|o snkČSB 2518/10/1912 D1
|p 17A0011648
|r 2005-01-01 00:00:00
|t č. 1-52
|w 2026-02-21
|y PREZ
|
| 952 |
|
|
|0 0
|1 0
|4 0
|7 0
|8 1
|a SNK
|b SNK
|d 1996-09-25
|i snkD 877/96
|l 0
|o snkČSB 2518/3/1905
|p 17A0011647
|r 2005-01-01 00:00:00
|t č. 1-52
|w 2026-02-21
|y PREZ
|
| 952 |
|
|
|0 0
|1 0
|4 0
|7 0
|8 1
|a SNK
|b SNK
|d 1996-09-25
|i snkD 883/96
|l 0
|o snkČSB 2518/11/1913
|p 17A0011646
|r 2005-01-01 00:00:00
|t č. 1-52
|w 2026-02-21
|y PREZ
|
| 952 |
|
|
|0 0
|1 0
|4 0
|7 0
|8 1
|a SNK
|b SNK
|d 1996-09-25
|i snkD 880/96
|l 0
|o snkČSB 2518/9/1911
|p 17A0011644
|r 2005-01-01 00:00:00
|t č. 1-53
|w 2026-02-21
|y PREZ
|
| 952 |
|
|
|0 0
|1 0
|4 0
|7 0
|8 1
|a SNK
|b SNK
|d 1996-09-25
|i snkD 881/96
|l 0
|o snkČSB 2518/9/1911 D1
|p 17A0011645
|r 2005-01-01 00:00:00
|t č. 1-53
|w 2026-02-21
|y PREZ
|
| 952 |
|
|
|0 0
|1 0
|4 0
|7 0
|8 1
|a SNK
|b SNK
|d 1996-09-25
|i snkD 878/96
|l 0
|o snkČSB 2518/8/1910
|p 17A0011642
|r 2005-01-01 00:00:00
|t č. 1-53
|w 2026-02-21
|y PREZ
|
| 952 |
|
|
|0 0
|1 0
|4 0
|7 0
|8 1
|a SNK
|b SNK
|d 1996-09-25
|i snkD 879/96
|l 0
|o snkČSB 2518/8/1910 D1
|p 17A0011643
|r 2005-01-01 00:00:00
|t č. 1-53
|w 2026-02-21
|y PREZ
|